000 00842cam a2200277 i 4500
001 4160414
003 ARRUPE
005 20160323145741.0
008 780607s1977 enk b 000 0 eng
010 _a 78306153
015 _aGB77-28389
020 _a090461347X :
_c£3.95
040 _aDLC
_cDLC
_dDLC
050 0 0 _aLC149
_b.P6
082 0 0 _a301.2/1
245 0 4 _aThe Politics of literacy /
_cedited by Martin Hoyles.
260 _aLondon :
_bWriters and Readers Publishing Cooperative,
_c1977.
300 _a211 p. ;
_c21 cm.
504 _aIncludes bibliographical references.
650 0 _aLiteracy.
_918022
650 0 _aLanguage arts.
_923384
650 0 _aEducation
_xAims and objectives.
_915012
700 1 _aHoyles, Martin.
_923385
_eed.
906 _a7
_bcbc
_corignew
_d3
_encip
_f19
_gy-gencatlg
942 _2lcc
_cMONOGRAPH
999 _c124484
_d124484